000 00919 a2200229 4500
001 40629
005 20260407155702.0
008 260407a2016 arg spa d
003 AR-UNSa-BCEJYS
040 _aAR-UNSa-BCEJYS
_bspa
_cAR-UNSa-BCEJYS
080 _a165
_xTeoría del conocimiento. Epistemología
245 1 0 _aLa construcción del conocimiento científico
_pestrategias para aprender a aprender, en la universidad
020 _a978-987-538-463-7
264 1 _aBuenos Aires :
_bNoveduc
_c2016
300 _a181 p.
_c28 cm.
505 _a1. El concepto - 2. Estrategias conceptuales - 3. La proposición - 4. Estrategias proposicionales - 5. El razonamiento - 6. Estrategias argumentales
041 _aspa
942 _cBK
590 _aniveau_biblio:m niveau_hierar:0
100 1 _aBellocchio, Mabel
856 4 1 _uhttps://biblioeco.unsa.edu.ar/pmb/images/libros/L126228.jpg
_yImagen de portada
_qimage/jpeg
999 _c3279
_d3279